Statistics for Most popular baby girl names around the world

Click here to take the quiz!

General Stats

  • This quiz has been taken 468 times
  • The average score is 14 of 80

Answer Stats

RankTurkey% Correct
Maria
76%
Maria Eduarda
76%
5Anna
73%
Anna
73%
2Emma
69%
RussiaSofia
66%
BrazilSophia
66%
5Sara
62%
Sara
62%
Elizabeta
52%
1Mia
50%
1Hana
49%
Isabella
48%
Julia
39%
8Marie
39%
Fatima
37%
Viktoria
37%
Laura
36%
Alice
32%
9Lena
29%
4Sofia
29%
Aleksandra
26%
6Emilia
26%
3Hannah
25%
10Mila
23%
Anastasia
22%
Angel
18%
7Lina
17%
Mariam
17%
7Mina
10%
Valentina
10%
Darya
9%
1Melis
9%
Polina
9%
Beatriz
8%
Alisa
7%
Jana
7%
Nour
5%
4Azra
4%
6Yui
4%
7Aoi
3%
Riya
3%
Saanvi
3%
9Can
2%
Diya
2%
Giovanna
2%
Lesedi
2%
Malak
2%
Salma
2%
IndiaAadya
1%
Aaradhya
1%
3Akari
1%
Amahle
1%
Amogelang
1%
Anaya
1%
Bokamoso
1%
2Himari
1%
9Hinata
1%
SAImanathi
1%
Karabo
1%
Lian
1%
Manuela
1%
Mayar
1%
Minenhle
1%
Myra
1%
8Niko
1%
3Nisa
1%
Rethabile
1%
8Selin
1%
10Sena
1%
Shanaya
1%
Thandolwethu
1%
Amaira
0%
4Ichika
0%
Joury
0%
10Kanna
0%
6Neva
0%
2Simay
0%
5Sude
0%
Tshegofatso
0%

Score Distribution

Percentile by Number Answered

Percent of People with Each Score

Your Score History

You have not taken this quiz